Čínské umění O národní výtvarné tradici čínské

Podrobná bibliografia
Hlavný autor: Hájek, Lubor (Autor)
Médium: Kniha
Jazyk:neznámy jazyk
Fyzický popis:193 s.
Vydavateľské údaje: Praha Státní nakladatelství krásné literatury, hudby a umění 1954
Predmet:

MARC

LEADER 00000nam a2200000 a 4500
001 vtls001287945
003 SK-MaSNL
005 20260301113452.0
008 240315s1954 xx 0 und
035 |a SNK000239536 
040 |a SNK  |b slo  |c SNK  |e AACR2 
100 1 |a Hájek, Lubor  |4 aut  |9 280725 
245 1 |a Čínské umění  |b O národní výtvarné tradici čínské 
260 |a Praha  |b Státní nakladatelství krásné literatury, hudby a umění  |c 1954 
300 |a 193 s. 
650 0 7 |a čínske výtvarné umenie  |2 SNKPH  |9 76272 
999 |c 714352  |d 716282 
952 |t P60, <04>, [BOOK], {604}  |a SNK  |b SNK  |y VYP  |7 0  |p 17A0068477  |o snkIB 3957 D1  |0 0  |1 1  |4 0  |d 1997-05-21  |l 0  |r 2005-01-02 00:00:00  |w 2026-02-23 
952 |t P60, <04>, [BOOK], {604}  |a SNK  |b SNK  |y VYP  |7 0  |p 17A0102991  |o snkIB 3957  |0 0  |1 0  |4 0  |d 1997-10-10  |l 0  |r 2005-01-02 00:00:00  |w 2026-02-23